|
|
|
|
| LEADER |
00000cam a2200000 7i4500 |
| 001 |
0000007884 |
| 005 |
20160330.0 |
| 008 |
070907 |
| 020 |
|
|
|a 0743492579
|
| 090 |
0 |
0 |
|a GOL
|b ENG (5030)
|
| 100 |
1 |
|
|a Golden,Christie
|
| 245 |
1 |
0 |
|a Enemy of my enemy :
|b Spirit walk,Book two
|c Christie Golden
|
| 260 |
|
|
|a New York :
|b Pocket Books ,
|c 2004
|
| 440 |
|
|
|a Star Trek Voyager
|
| 500 |
|
|
|a Teenager ages 13-18 years old (blue)
|
| 650 |
|
0 |
|a English fiction
|
| 999 |
|
|
|a 0000991728
|b Book
|c Teenagers
|e Perbadanan Perpustakaan Awam Johor
|
| 999 |
|
|
|a 0000991729
|b Book
|c Teenagers
|e Perbadanan Perpustakaan Awam Johor
|